Identifications - HST4466 - Statistiques

Statistiques générales
  • Ce quiz a été pris 22 fois
  • Le résultat moyen est 21 sur 28
Statistiques - réponses
Hint Réponse % Correct
Programme de septembre 1914
100%
Accords Sykes-Picot 1916-1917
100%
Arthur Zimmermann 1917
100%
Conférence de Doullens 1918
100%
Traité de Brest-Litovsk 1918
100%
Sadowa (bataille) 1866
88%
HMS Dreadnought 1906
88%
Marne 1914
88%
Robert Nivelle (pertinence) 1917
88%
Tanzimat 1839-1876
75%
Révolution Taiping 1850-1864
75%
Camillo di Cavour 1861
75%
Entente Cordiale 1904
75%
Tsushima 1905
75%
Romain Rolland (pertinence) 1914
75%
James Watt 1769
63%
Simon Bolivar 1783-1830
63%
Traité de Nankin 1842
63%
Meiji (Japon) 1852-1912
63%
Cipaye (révolte) 1857-1858
63%
Schleswig-Holstein (région) 1864
63%
Weltpolitik (début) 1890
63%
Alfred Von Schlieffen (plan) 1891-1906
63%
Burgfrieden (début) 1914
63%
Tannenberg 1914
63%
Gavril Princip 1914
63%
William Colgate 1857
50%
Sir Edward Grey 1905-1916
50%
Aucun quiz correspondant
Distribution des résultats
% des personnes avec chaque résultat
Percentile par nombre de réponses
Votre historique - résultats
Vous n’avez pas pris ce quiz